Chemical reaction engineering (Record no. 18666)

000 -LEADER
fixed length control field 00567nam a22001931 4500
001 - CONTROL NUMBER
control field 18666
003 - CONTROL NUMBER IDENTIFIER
control field BD-DhUET
008 - FIXED-LENGTH DATA ELEMENTS--GENERAL INFORMATION
fixed length control field 840403s1962 nyua b 000 0 eng c
040 ## - CATALOGING SOURCE
Original cataloging agency DLC/ICU
Transcribing agency DLC
Modifying agency BD-DhUET
082 0# - DEWEY DECIMAL CLASSIFICATION NUMBER
Classification number 660.299
Item number LEV/1964
100 ## - MAIN ENTRY--PERSONAL NAME
Personal name Levenspiel, Octave
245 10 - TITLE STATEMENT
Title Chemical reaction engineering
Remainder of title an introduction to the design of chemical reactors
250 ## - EDITION STATEMENT
Edition statement 1st ed.
260 ## - PUBLICATION, DISTRIBUTION, ETC. (IMPRINT)
Place of publication, distribution, etc. New York
Name of publisher, distributor, etc. John Wiley & Sons
Date of publication, distribution, etc. 1962
300 ## - PHYSICAL DESCRIPTION
Extent xv, 501 p.
Other physical details illus.
Dimensions 24 cm.
504 ## - BIBLIOGRAPHY, ETC. NOTE
Bibliography, etc Includes bibliographies
650 #0 - SUBJECT ADDED ENTRY--TOPICAL TERM
Topical term or geographic name as entry element Chemical engineering
942 ## - ADDED ENTRY ELEMENTS (KOHA)
Koha item type General Book
Holdings
Shelving location Date acquired Source of classification or shelving scheme Price effective from Piece designation (barcode) Koha item type Damaged status Copy number Koha full call number Sublocation or collection (holding branch) Lost status Koha date last borrowed Koha issues (times borrowed) Not for loan Withdrawn status Koha normalized classification for sorting Location (home branch) Koha date last seen
Circulation section2015-03-31 2015-03-3117501General Book 1660.299/LEV/1967Central Library, BUET     660_299000000000000_LEV_1967Central Library, BUET2015-03-31
Circulation section2015-03-31 2015-03-3117821General Book 2660.299/LEV/1967Central Library, BUET     660_299000000000000_LEV_1967Central Library, BUET2015-03-31
Circulation section2015-03-31 2015-03-3117822General Book 3660.299/LEV/1967Central Library, BUET     660_299000000000000_LEV_1967Central Library, BUET2015-03-31
Circulation section2015-03-31 2015-03-314402General Book 4660.299/LEV/1967Central Library, BUET     660_299000000000000_LEV_1967Central Library, BUET2015-03-31
Circulation section2015-03-31 2015-03-3120932General Book 5660.299/LEV/1967Central Library, BUET     660_299000000000000_LEV_1967Central Library, BUET2015-03-31
Circulation section2015-04-01 2015-04-0117502General Book 6660.299/LEV/1964Central Library, BUET 2023-12-051  660_299000000000000_LEV_1964Central Library, BUET2023-12-18
Circulation section2015-04-01 2015-04-0112542General Book 7660.299/LEV/1964Central Library, BUET 2019-05-051  660_299000000000000_LEV_1964Central Library, BUET2020-01-25
Reading section2015-06-18 2015-06-1836300Reading Item 8660.299/LEV/1964Central Library, BUET     660_299000000000000_LEV_1964Central Library, BUET2015-06-18